=LDR 00000nam 2200000 4500 =001 INLIS000000000061579 =005 20230208085059 =035 ##$$a 0010-1022000320 =007 ta =008 230208###########################0###### =082 ##$$a 728 =084 ##$$a 728 Erw b =100 #$$a Erwan Husnan, Lalu =245 1#$$a Berugaq : $b untuk Pendidikan Dasar /$c Lalu Erwan Husnan =260 ##$$a Mataram :$b Kantor Bahasa Nusa Tenggara Barat,$c 2017 =300 ##$$a v, 49 halaman : $b ilustrasi ; $c 20 cm. =650 #4$$a Rumah Kayu - Berugaq =990 ##$$a 597/51/22